Ville d'Italie - Top 200 Ville Europe - Statistiques

Statistiques générales
  • Ce quiz a été pris 143 fois
  • Le résultat moyen est 12 sur 17
Statistiques - réponses
Population Ville % Correct
5,15M Milan
99%
3,60M Rome
99%
4,23M Naples
98%
1,66M Turin
98%
499k Venise
90%
980k Florence
89%
855k Palerme
87%
723k Gênes
81%
770k Bologne
79%
589k Bari
72%
657k Catane
66%
514k Vérone
61%
476k Cagliari
56%
450k Bergame
38%
506k Padoue
36%
470k Brescia
30%
422k Tarante
21%
Aucun quiz correspondant
Distribution des résultats
% des personnes avec chaque résultat
Percentile par nombre de réponses
Votre historique - résultats
Vous n’avez pas pris ce quiz